00424nam a2200145Ia 4500008004100000020001800041041001200059082002000071100006200091245002400153260004900177300001400226500002500240650001300265231221s9999 xx 000 0 und d a9790000000000 aEnglish a001.6424 HOR;1 aHorowitz, Ellis. Sahni, Sartaj. Rajasekaran, Sanguthevar. 0aComputer algorithms c1998bGalgotia Publishing CompanyaNew Delhi axxii, 769 aDonated by MCA Dept. aComputer